banner koha

Situação da produção de fios de seda (Registro n. 298661)

MARC details
000 -LÍDER
fixed length control field 01020nab a22002897a 4500
003 - CÓDIGO MARC DA AGÊNCIA CATALOGADORA
Campo de controle BR-BrBNA
005 - DATA E HORA DA ÚLTIMA ATUALIZAÇÃO
Campo de controle 20240301175956.0
008 - CAMPO DE TAMANHO FIXO
fixed length control field 240301b bl.||||| |||| 00| 0 por d
040 ## - FONTE DA CATALOGAÇÃO
Agência catalogadora BR-BrBNA
Idioma da catalogação por
072 ## - CATEGORIA AGRIS
Código AGRIS L01 ; Q60 ; E70
Código do objeto 7600 ; 8946
100 ## - ENTRADA PRINCIPAL - NOME PESSOAL
Nome pessoal Young, Benedito João
100 ## - ENTRADA PRINCIPAL - NOME PESSOAL
Nome pessoal Kudo, Tonan
100 ## - ENTRADA PRINCIPAL - NOME PESSOAL
Nome pessoal Nucci, Tânia A. de (adap.)
245 ## - TÍTULO PRINCIPAL
Título principal Situação da produção de fios de seda
500 ## - NOTA GERAL
Nota geral 1 illus.; 2 table
942 ## - ADDED ENTRY ELEMENTS (KOHA)
Koha item type
650 ## - ASSUNTO - THESAGRO
Cabeçalho tópico ou nome geográfico BICHO DA SEDA
650 ## - ASSUNTO - THESAGRO
Cabeçalho tópico ou nome geográfico INSETO
650 ## - ASSUNTO - THESAGRO
Cabeçalho tópico ou nome geográfico CASULO
650 ## - ASSUNTO - THESAGRO
Cabeçalho tópico ou nome geográfico SEDA
650 ## - ASSUNTO - THESAGRO
Cabeçalho tópico ou nome geográfico FIBRA ANIMAL
650 ## - ASSUNTO - THESAGRO
Cabeçalho tópico ou nome geográfico PRODUÇÃO
650 ## - ASSUNTO - THESAGRO
Cabeçalho tópico ou nome geográfico MERCADO INTERNO
650 ## - ASSUNTO - THESAGRO
Cabeçalho tópico ou nome geográfico COMERCIALIZAÇÃO
773 0# - ENTRADA ANALÍTICA
Host Biblionumber 1330
Registro do item 275254
Imprenta Campinas-SP Coordenadoria de Assistência Técnica Integral - CATI - Centro de Comunicação Rural e Treinamento - CECORT 1979. Data final de publicação em 1990
Outro identificador 2023-437060
Título Casa da Agricultura (Brazil)
ISSN 0100-6541
Colação v. 3(1) p. 26-28 (Jan-Feb 1981)
Número de controle de registro BR2024000185

Nenhum exemplar disponível.

BINAGRI

Telefone: (61)3218-2567/2388/3357/2097 - binagri@agro.gov.br

Ministério da Agricultura e Pecuária , Esplanada dos Ministérios, Bloco D, Anexo B, Brasília/DF, CEP: 70.043-900